| 000 | 00347nam a22001217a 4500 | ||
|---|---|---|---|
| 008 | 181129b xxu||||| |||| 00| 0 eng d | ||
| 041 | _aeng | ||
| 080 | _a043.3 | ||
| 100 | _a0 | ||
| 101 | _aMTH-SHKI | ||
| 245 |
_aShfrytezimi dhe sherbimet e teknologjise Cloud, siguria dhe privatesie e teknologjise Cloud ne Kosove _cHasanaj, N |
||
| 942 |
_2udc _cBK |
||
| 999 |
_c52668 _d52668 |
||